🇨🇭Neighborhoods of Zurich🇨🇭 - Statistics

General Stats
  • This quiz has been taken 119 times
  • The average score is 18 of 34
Answers on the Map
Answers color-coded by a green-red scale on the quiz's map according to % correct below.
 
Answer Stats
Neighborhood % Correct
Altstetten
91%
Oerlikon
88%
Enge
76%
Seebach
76%
Wollishofen
76%
Höngg
74%
Affoltern
68%
Wipkingen
68%
Unterstrass
65%
Albisrieden
64%
Oberstrass
64%
Seefeld
62%
Leimbach
58%
Hard
56%
Fluntern
55%
Friesenberg
53%
Witikon
53%
Langstrasse
52%
Alt-Wiedikon
50%
City
47%
Hottingen
44%
Sihlfeld
44%
Hochschulen
42%
Gewerbeschule
41%
Lindenhof
41%
Escher Wyss
39%
Werd
39%
Hirslanden
32%
Schwamendingen-Mitte
30%
Rathaus
29%
Weinegg
23%
Saatlen
21%
Hirzenbach
20%
Mühlebach
12%
No matching quizzes found
Score Distribution
Percent of People with Each Score
Percentile by Number Answered
Your Score History
You have not taken this quiz